000 00419nam a2200181Ia 4500
001 8730
005 20260306160631.0
008 260306t2005||||xx |||||||||||||| ||spa||
041 _aESP
082 _a371.3
_bS55
100 _aSilberman, Mel
_eAUT
245 0 _a101 Ways to make training active
260 _c2005
300 _axv, 303 páginas :
_c
650 _aGEN
654 _aCED
942 _cLIB
_dJUS
_fJUS
_2ddc
_n
999 _c8730
_d8730